Indian financial systems / (Record no. 27104)

MARC details
000 -LEADER
fixed length control field 00897naa a2200241 4500
005 - DATE AND TIME OF LATEST TRANSACTION
control field 20090601144839.0
008 - FIXED-LENGTH DATA ELEMENTS--GENERAL INFORMATION
fixed length control field 090601t xxu||||| |||| 00| 0 eng d
010 ## - LCCN (DPL NO)
LC control number ENG-93811
020 ## - INTERNATIONAL STANDARD BOOK NUMBER
International Standard Book Number 9788182092280
Terms of availability 395.00
020 ## - INTERNATIONAL STANDARD BOOK NUMBER
International Standard Book Number 8182092280
Terms of availability 395.00
035 ## - SYSTEM CONTROL NUMBER
System control number EN-77344
037 ## - SOURCE OF ACQUISITION
Source of stock number/acquisition DBAD / PUB
040 ## - CATALOGING SOURCE
Original cataloging agency dpl
Language of cataloging English
082 ## - DEWEY DECIMAL CLASSIFICATION NUMBER
Classification number 336.54
100 ## - MAIN ENTRY--PERSONAL NAME
Personal name Gurusamy, S.
245 ## - TITLE STATEMENT
Title Indian financial systems /
Statement of responsibility, etc by S. Gurusamy
260 ## - PUBLICATION, DISTRIBUTION, ETC. (IMPRINT)
Place of publication, distribution, etc NOIDA
Name of publisher, distributor, etc McGraw-Hill Education
Date of publication, distribution, etc 2008
270 ## - ADDRESS
Address B-4, Sector-63, Dist., Gautam Budh Nagar
City NOIDA
Postal code 201301
300 ## - PHYSICAL DESCRIPTION
Extent xiv, 624p.
Dimensions 24cm(pbk)
500 ## - GENERAL NOTE
General note Includes bibliographical references and index
942 ## - ADDED ENTRY ELEMENTS (KOHA)
Institution code [OBSOLETE] dpl
Item type English Books
Source of classification or shelving scheme Dewey Decimal Classification
Classification part 336.54
Call number suffix GUR
Holdings
Withdrawn status Lost status Source of classification or shelving scheme Damaged status Not for loan Collection code Home library Current library Date acquired Source of acquisition Cost, normal purchase price Total Checkouts Full call number Barcode Date last seen Copy number Cost, replacement price Koha item type
    Dewey Decimal Classification   Not For Loan Non-fiction D.B.Act.Division D.B.Act.Division 01/06/2009 DBAD / PUB 395.00   336.54 GUR EN-77344 01/06/2009 1 395.00 English Books

© Delhi Public Library
Hit Counter
free hit counter